000 00427cam a22001457a 4500
008 180718b1960 xxu||||| |||| 00| 0 eng d
082 _aP H874e
100 _aHughes, A.G.
245 _aEducation some fundamental problems a discussion book for students of education
_cby A.G. Hughes and E.J. Hughes
260 _aLondon
_bLongmans
_c1960
300 _a296p.
500 _a14/-
650 _aEducation
700 _aHughes, E.J.
999 _c368474
_d368474